000 01025cam a22002778a 4500
001 16494617
005 20210414114230.0
008 101008s2011 enk e 001 0 eng
010 _a 2010042876
020 _a9780415569583 (pbk.)
040 _aDLC
_cDLC
050 0 0 _aHM548
_b.I58
082 0 0 _a306.303
_222
245 0 0 _aInternational encyclopedia of economic sociology. /
_cedited by Jens Beckert and Milan Zafirovski.
260 _aAbingdon, Oxon ;
_aNew York, NY :
_bRoutledge,
_cc2011.
263 _a1106
300 _axvii,773p.:
_c22cm.
500 _aIncludes index.
505 _aContents: List of illustrations -- Advisors -- Introduction -- List of contributors -- List of entries -- Entries A to Z.
650 0 _aEconomics
_xSociological aspects
_vEncyclopedias.
700 1 _aBeckert, Jens,
_d1967-
700 1 _aZafirovski, Milan,
_d1958-
906 _a7
_bcbc
_corignew
_d1
_eecip
_f20
_gy-gencatlg
942 _2lcc
_cBK
999 _c3079
_d10579